<?xml version="1.0" encoding="UTF-8"?><?xml-stylesheet type="text/xsl" href="static/style.xsl"?><OAI-PMH xmlns="http://www.openarchives.org/OAI/2.0/" xmlns:xsi="http://www.w3.org/2001/XMLSchema-instance" xsi:schemaLocation="http://www.openarchives.org/OAI/2.0/ http://www.openarchives.org/OAI/2.0/OAI-PMH.xsd"><responseDate>2026-04-27T21:51:02Z</responseDate><request verb="GetRecord" identifier="oai:uvadoc.uva.es:10324/32477" metadataPrefix="marc">https://uvadoc.uva.es/oai/request</request><GetRecord><record><header><identifier>oai:uvadoc.uva.es:10324/32477</identifier><datestamp>2021-06-29T22:26:23Z</datestamp><setSpec>com_10324_38</setSpec><setSpec>col_10324_852</setSpec></header><metadata><record xmlns="http://www.loc.gov/MARC21/slim" xmlns:doc="http://www.lyncode.com/xoai" xmlns:xsi="http://www.w3.org/2001/XMLSchema-instance" xmlns:dcterms="http://purl.org/dc/terms/" xsi:schemaLocation="http://www.loc.gov/MARC21/slim http://www.loc.gov/standards/marcxml/schema/MARC21slim.xsd">
<leader>00925njm 22002777a 4500</leader>
<datafield tag="042" ind1=" " ind2=" ">
<subfield code="a">dc</subfield>
</datafield>
<datafield tag="720" ind1=" " ind2=" ">
<subfield code="a">Gutiérrez Aldea, María</subfield>
<subfield code="e">author</subfield>
</datafield>
<datafield tag="260" ind1=" " ind2=" ">
<subfield code="c">2018</subfield>
</datafield>
<datafield tag="520" ind1=" " ind2=" ">
<subfield code="a">El presente Trabajo Fin de Grado se va a centran en los/las menores expuestos/as a violencia de género, que al igual que sus madres, son víctimas también de dicha problemática. Por ello, en primer lugar se ha realizado una revisión bibliográfica que ha permitido la obtención de información sobre la situación en la que se encuentra dicho colectivo. Tras ello, se ha llevado a cabo un análisis de diferentes guías de intervención con dichos/as menores, con el fin de conocer y poder solventar las carencias que existen en la actuación con estos/as. Todo ello, a través de la mejora y el desarrollo de una figura profesional que cumpla las funciones de acompañamiento en el proceso de recuperación individual de la persona objeto de intervención.</subfield>
</datafield>
<datafield tag="024" ind2=" " ind1="8">
<subfield code="a">http://uvadoc.uva.es/handle/10324/32477</subfield>
</datafield>
<datafield tag="245" ind1="0" ind2="0">
<subfield code="a">La figura del acompañante en la intervención con menores víctimas de violencia de género</subfield>
</datafield>
</record></metadata></record></GetRecord></OAI-PMH>